Statistics for Largest Cities in Abruzzo

Click here to take the quiz!

General Stats

  • This quiz has been taken 22 times
  • The average score is 7 of 10

Answer Stats

PopulationCity% Correct
119,406Pescara
100%
48,612Chieti
93%
69,508L'Aquila
93%
53,174Montesilvano
71%
51,891Teramo
71%
40,436Vasto
71%
34,153Lanciano
64%
40,872Avezzano
57%
25,635Francavilla al Mare
36%
25,511Roseto degli Abruzzi
36%

Score Distribution

Percentile by Number Answered

Percent of People with Each Score

Your Score History

You have not taken this quiz